An investigation into lexical cohension in English and Vietnamese economic news
Introduction; Literature review and theoretical background; Research design and methodology...
Sparad:
| Huvudupphovsman: | |
|---|---|
| Övriga upphovsmän: | |
| Materialtyp: | Okänd |
| Språk: | English |
| Publicerad: |
Đà Nẵng :
The University of Da Nang,
2011.
|
| Ämnen: | |
| Taggar: |
Lägg till en tagg
Inga taggar, Lägg till första taggen!
|
| Thư viện lưu trữ: | Mạng thư viện Đại học Đà Nẵng |
|---|
| LEADER | 02876na a2200397 4500 | ||
|---|---|---|---|
| 001 | 000031799 | ||
| 003 | 7247 | ||
| 005 | 20200915161223.0 | ||
| 008 | 151001s2011 DN 000 eng | ||
| 040 | |a Lnn |c lnn |d Lnn | ||
| 041 | 0 | |a eng | |
| 082 | 0 | 4 | |a 420.14 |b LE-P |
| 100 | 1 | |a Le, Thi Phuong. | |
| 245 | 1 | 0 | |a An investigation into lexical cohension in English and Vietnamese economic news |h [Thesis-Luận văn thạc sĩ] / |c Le Thi Phuong ; Luu Quy Khuong hướng dẫn. |
| 260 | |a Đà Nẵng : |b The University of Da Nang, |c 2011. | ||
| 300 | |a 97 p. ; |c 29 cm. + |e 1 Abstract. | ||
| 500 | |a Master thesis in the English language. Field: The English language. Code: 60.22.15. | ||
| 520 | 3 | |a Introduction; Literature review and theoretical background; Research design and methodology... | |
| 630 | 0 | 4 | |a English language. |
| 650 | 0 | 4 | |a Lexical |x Lexical cohension. |
| 650 | 0 | 4 | |a Economic news. |
| 700 | 1 | |a Le, Thi Phuong, |c Assoc. Prof. Dr., |e Supervisor. | |
| OWN | |a LNN | ||
| 902 | |a lvths | ||
| AVA | |a UDN50 |b LNN |c English |d 420.1 4LE-P |e available |t Error 5001 Not defined in file expand_doc_bib_avail. |f 1 |g 0 |h N |i 0 |j AN | ||
| Z40 | 3 | |y An investigation into lexical cohension in English and Vietnamese economic news |l Library of UFL |t VIEW |x http://catalog.udn.vn:80/F?func=service&doc_library=UDN01&local_base=UDN01&doc_number=000031799&sequence=000001&line_number=0001&func_code=DB_RECORDS&service_type=MEDIA |f 11-7-16Bantomtat_000008624.pdf |e pdf |s 000739366 |k 20200922 |m NTMTHI | |
| Z40 | 3 | |y An investigation into lexical cohension in English and Vietnamese economic news |l Library of UFL |t VIEW |x http://catalog.udn.vn:80/F?func=service&doc_library=UDN01&local_base=UDN01&doc_number=000031799&sequence=000002&line_number=0002&func_code=DB_RECORDS&service_type=MEDIA |f 11-7-22luanvandachinhsua_000008626.pdf |e pdf |s 002014513 |k 20200922 |m NTMTHI | |
| 999 | |a From the UDN01 | ||
| AVA | |a UDN50 |b LNN |c English |d 420.1 4LE-P |e available |t Error 5001 Not defined in file expand_doc_bib_avail. |f 1 |g 0 |h N |i 0 |j AN | ||
| TYP | |a Printed language | ||
| 856 | |y An investigation into lexical cohension in English and Vietnamese economic news |l Library of UFL |t VIEW |x http://catalog.udn.vn:80/F?func=service&doc_library=UDN01&local_base=UDN01&doc_number=000031799&sequence=000001&line_number=0001&func_code=DB_RECORDS&service_type=MEDIA |f 11-7-16Bantomtat_000008624.pdf |e pdf |s 000739366 |k 20200922 |m NTMTHI | ||
| 856 | |y An investigation into lexical cohension in English and Vietnamese economic news |l Library of UFL |t VIEW |x http://catalog.udn.vn:80/F?func=service&doc_library=UDN01&local_base=UDN01&doc_number=000031799&sequence=000002&line_number=0002&func_code=DB_RECORDS&service_type=MEDIA |f 11-7-22luanvandachinhsua_000008626.pdf |e pdf |s 002014513 |k 20200922 |m NTMTHI | ||
| 980 | |a Mạng thư viện Đại học Đà Nẵng | ||